000 01072cam a2200301 a 4500
999 _c129489
_d129489
001 12675335
003 ARRUPE
005 20190430084725.0
008 020204s2002 dcu b 000 0 eng d
010 _a 2002328306
020 _a0821350498
035 _a(OCoLC)ocm48927438
040 _aUIU
_cUIU
_dDLC
042 _alccopycat
050 0 0 _aHC79.P6
_bV65 2002
082 0 0 _a305.5/69
_221
245 0 0 _aFrom many lands /
_cedited by Deepa Narayan, Patti Petesch.
260 _aWashington, DC :
_bA copublication of Oxford University Press and the World Bank,
_cc2002.
300 _axvi, 509 p. ;
_c24 cm.
440 0 _aVoices of the poor
_946051
500 _a"World Bank"--Cover.
504 _aIncludes bibliographical references.
650 0 _aPoor
_vCase studies.
_946052
650 0 _aPoverty
_vCase studies.
_946053
700 1 _aNarayan-Parker, Deepa.
_946054
700 1 _aPetesch, Patti L.
_946055
906 _a7
_bcbc
_ccopycat
_d2
_encip
_f20
_gy-gencatlg
942 _2lcc
_cMONOGRAPH